Механизм и кинетика осаждения и растворения палладия на графитовом электроде в комплексообразующих средах в условиях инверсионной вольтамперометрии; Материалы Менделеевской межвузовской конференции (Томск, 21-22 февраля 1984 г.)

Бібліографічні деталі
Parent link:Материалы Менделеевской межвузовской конференции (Томск, 21-22 февраля 1984 г.).— 1984.— С. 60-61
Автор: Швецова Т. Е.
Співавтор: Томский политехнический институт
Інші автори: Каплин А. А. Анатолий Александрович
Резюме:Деп. в ОНИИТЭХим, г. Черкассы, 28.12.84, № 1202-ХП-84.
Мова:Російська
Опубліковано: 1984
Предмети:
Формат: Частина з книги
KOHA link:https://koha.lib.tpu.ru/cgi-bin/koha/opac-detail.pl?biblionumber=594454

MARC

LEADER 00000naa0a2200000 4500
001 594454
005 20250206120549.0
029 0 0 |a SU  |b 1202-ХП-84  |f ОНИИТЭХим 
035 |a (RuTPU)RU\TPU\tpu\9939 
035 |a RU\TPU\tpu\9575 
090 |a 594454 
100 |a 20021023d1984 k y0rusy50 ca 
101 0 |a rus 
102 |a RU 
200 1 |a Механизм и кинетика осаждения и растворения палладия на графитовом электроде в комплексообразующих средах в условиях инверсионной вольтамперометрии  |f Т. Е. Швецова, А. А. Каплин 
300 |a Деп. в ОНИИТЭХим, г. Черкассы, 28.12.84, № 1202-ХП-84. 
463 |t Материалы Менделеевской межвузовской конференции (Томск, 21-22 февраля 1984 г.)  |o секция физической и органической химии  |v С. 60-61  |d 1984 
610 1 |a труды учёных ТПУ 
700 1 |a Швецова  |b Т. Е.  |c ХТФ  |3 (RuTPU)RU\TPU\pers\6805 
701 1 |a Каплин  |b А. А.  |c доктор химических наук  |c ХТФ  |f 1937-  |g Анатолий Александрович  |3 (RuTPU)RU\TPU\pers\2639 
712 0 2 |a Томский политехнический институт 
801 2 |a RU  |b 63413507  |c 20100225  |g PSBO 
942 |c BK